| 000 | 01329nmm a2200373 i 4500 | ||
|---|---|---|---|
| 001 | bg | ||
| 946 | _c174.11 | ||
| 245 | 0 | 0 |
_aAsertywność _h[Film] / _creż. i scen. Paweł Filarski ; zdj. Wojciech Ostrowski ; kier. prod. Ewa Heimowska. |
| 260 |
_aGdańsk : _bWytwórnia Filmów Szkoleniowych Synergia, _c[ca 2011]. |
||
| 300 |
_a1 płyta wiz. (DVD) (32 min.) : _bdźw., kolor. ; _c12 cm. |
||
| 500 | _aOpakowanie : 19x14x1 cm. | ||
| 511 | 1 | _aWykonawcy: Karolina Piechota, Magda Komorowska, Dariusz Szymaniak, Grzegorz Wolf, Tomasz WiŠcek. | |
| 650 | 4 | _aAsertywność | |
| 655 | 4 | _aFilm edukacyjny | |
| 655 | 4 | _aPoradniki | |
| 700 | 1 |
_aFilarski, Paweł. _bScen. |
|
| 700 | 1 |
_aFilarski, Paweł. _bReż. |
|
| 700 | 1 |
_aOstrowski, Wojciech. _bZdj. |
|
| 700 | 1 |
_aHeimowska, Ewa. _bProd. |
|
| 700 | 1 |
_aPiechota, Karolina. _bAktor |
|
| 700 | 1 |
_aKomorowska, Magda. _bAktor |
|
| 700 | 1 |
_aSzymaniak, Dariusz. _bAktor |
|
| 700 | 1 |
_aWolf, Grzegorz. _bAktor |
|
| 700 | 1 |
_aWięcek, Tomasz. _bAktor |
|
| 040 | _cBPK | ||
| 041 | 1 | _apol | |
| 044 | _aPOL | ||
| 080 | _a159.923 | ||
| 080 | _a316.64 | ||
| 080 | _a(086.82) | ||
| 080 | _a(083.1) | ||
| 942 | _cDVD | ||
| 008 | 120705s2011 pl |000 0 pol | ||
| 999 |
_c41249 _d41249 |
||
| 856 |
_uhttp://koha.tu.koszalin.pl/cgi-bin/koha/opac-detail.pl?biblionumber=41249 _yKatalog online BPK |
||